000 00779njm a2200277Ia 4500
001 26848
003 IT-RoPAU
005 20220918181202.0
008 131025s9999 xx 000 0 und d
040 _aIT-RoPAU
040 _cIT-RoPAU
999 _c103136
_d103136
999 _bSI
100 _aBoulez Pierre
_91432
100 _eAutore musica
_917026
100 _gCodice autore musica SPICS: 8911
_91434
245 _aTemps musical 4 (Le)
250 _a1a ed.
260 _aPARIS
260 _bIRCAM
_c1984 [1a Ed.:1964 - Ed. Lingua Orig.: 1964]
300 _aMUSICASSETTA
300 _c52 minuti (Testo: pag.)
500 _aMusica strumentale
511 _aDirettore d'orchestra: Boulez Pierre
650 _aSTRUMENTALE [CASSETTE]
_eCodice MATERIA SPICS: 9951
_91218
942 _cMC
_2ddc